<?xml version="1.0" encoding="UTF-8"?>
<record
    xmlns:xsi="http://www.w3.org/2001/XMLSchema-instance"
    xsi:schemaLocation="http://www.loc.gov/MARC21/slim http://www.loc.gov/standards/marcxml/schema/MARC21slim.xsd"
    xmlns="http://www.loc.gov/MARC21/slim">

  <leader>01850nam a22003257a 4500</leader>
  <controlfield tag="003">NALT</controlfield>
  <controlfield tag="005">20251125233035.0</controlfield>
  <controlfield tag="008">      s2550    th                  tha d</controlfield>
  <datafield tag="020" ind1=" " ind2=" ">
    <subfield code="a">9789747492651</subfield>
  </datafield>
  <datafield tag="040" ind1=" " ind2=" ">
    <subfield code="a">NALT</subfield>
  </datafield>
  <datafield tag="041" ind1="1" ind2=" ">
    <subfield code="a">tha</subfield>
    <subfield code="h">eng</subfield>
  </datafield>
  <datafield tag="050" ind1=" " ind2=" ">
    <subfield code="a">DS 511 </subfield>
    <subfield code="b">&#xE1F;861&#xE2D; 2550</subfield>
  </datafield>
  <datafield tag="100" ind1="1" ind2=" ">
    <subfield code="a">&#xE41;&#xE1F;&#xE23;&#xE4C;&#xE41;&#xE1A;&#xE07;&#xE04;&#xE4C;, &#xE08;&#xE2D;&#xE2B;&#xE4C;&#xE19; &#xE40;&#xE04;. </subfield>
    <subfield code="9">39465</subfield>
  </datafield>
  <datafield tag="245" ind1="1" ind2="0">
    <subfield code="a">&#xE40;&#xE2D;&#xE40;&#xE0A;&#xE35;&#xE22;&#xE15;&#xE30;&#xE27;&#xE31;&#xE19;&#xE2D;&#xE2D;&#xE01;&#xE22;&#xE38;&#xE04;&#xE43;&#xE2B;&#xE21;&#xE48; : &#xE08;&#xE35;&#xE19; &#xE0D;&#xE35;&#xE48;&#xE1B;&#xE38;&#xE48;&#xE19; &#xE40;&#xE01;&#xE32;&#xE2B;&#xE25;&#xE35; &#xE44;&#xE15;&#xE49;&#xE2B;&#xE27;&#xE31;&#xE19; &#xE40;&#xE25;&#xE48;&#xE21; 1 =</subfield>
    <subfield code="b">East Asia, the modern transformation /</subfield>
    <subfield code="c">John K. Fairbank, Edwin O. Reischauer, Albert M. Craig ; &#xE1C;&#xE39;&#xE49;&#xE41;&#xE1B;&#xE25; &#xE40;&#xE1E;&#xE47;&#xE0A;&#xE23;&#xE35; &#xE2A;&#xE38;&#xE21;&#xE34;&#xE15;&#xE23; ... [&#xE41;&#xE25;&#xE30;&#xE04;&#xE19;&#xE2D;&#xE37;&#xE48;&#xE19; &#xE46;].</subfield>
  </datafield>
  <datafield tag="250" ind1=" " ind2=" ">
    <subfield code="a">&#xE1E;&#xE34;&#xE21;&#xE1E;&#xE4C;&#xE04;&#xE23;&#xE31;&#xE49;&#xE07;&#xE17;&#xE35;&#xE48; 3</subfield>
  </datafield>
  <datafield tag="260" ind1=" " ind2=" ">
    <subfield code="a">&#xE01;&#xE23;&#xE38;&#xE07;&#xE40;&#xE17;&#xE1E;&#xE2F; : </subfield>
    <subfield code="b">&#xE21;&#xE39;&#xE25;&#xE19;&#xE34;&#xE18;&#xE34;&#xE42;&#xE04;&#xE23;&#xE07;&#xE01;&#xE32;&#xE23;&#xE15;&#xE33;&#xE23;&#xE32;&#xE2A;&#xE31;&#xE07;&#xE04;&#xE21;&#xE28;&#xE32;&#xE2A;&#xE15;&#xE23;&#xE4C;&#xE41;&#xE25;&#xE30;&#xE21;&#xE19;&#xE38;&#xE29;&#xE22;&#xE28;&#xE32;&#xE2A;&#xE15;&#xE23;&#xE4C;, </subfield>
    <subfield code="c">2550.</subfield>
  </datafield>
  <datafield tag="300" ind1=" " ind2=" ">
    <subfield code="a">554 &#xE2B;&#xE19;&#xE49;&#xE32; :</subfield>
    <subfield code="b">&#xE20;&#xE32;&#xE1E;&#xE1B;&#xE23;&#xE30;&#xE01;&#xE2D;&#xE1A; ;</subfield>
    <subfield code="c">26 &#xE0B;&#xE21;.</subfield>
  </datafield>
  <datafield tag="651" ind1=" " ind2="4">
    <subfield code="9">27107</subfield>
    <subfield code="a">&#xE40;&#xE2D;&#xE40;&#xE0A;&#xE35;&#xE22;&#xE15;&#xE30;&#xE27;&#xE31;&#xE19;&#xE2D;&#xE2D;&#xE01;</subfield>
    <subfield code="x">&#xE1B;&#xE23;&#xE30;&#xE27;&#xE31;&#xE15;&#xE34;&#xE28;&#xE32;&#xE2A;&#xE15;&#xE23;&#xE4C; </subfield>
  </datafield>
  <datafield tag="651" ind1=" " ind2="0">
    <subfield code="a">&#xE08;&#xE35;&#xE19;</subfield>
    <subfield code="x">&#xE1B;&#xE23;&#xE30;&#xE27;&#xE31;&#xE15;&#xE34;&#xE28;&#xE32;&#xE2A;&#xE15;&#xE23;&#xE4C;</subfield>
    <subfield code="9">3618</subfield>
  </datafield>
  <datafield tag="651" ind1=" " ind2="4">
    <subfield code="9">5929</subfield>
    <subfield code="a">&#xE0D;&#xE35;&#xE48;&#xE1B;&#xE38;&#xE48;&#xE19;</subfield>
    <subfield code="x">&#xE1B;&#xE23;&#xE30;&#xE27;&#xE31;&#xE15;&#xE34;&#xE28;&#xE32;&#xE2A;&#xE15;&#xE23;&#xE4C;</subfield>
  </datafield>
  <datafield tag="651" ind1=" " ind2="4">
    <subfield code="9">12585</subfield>
    <subfield code="a">&#xE40;&#xE01;&#xE32;&#xE2B;&#xE25;&#xE35;&#xE43;&#xE15;&#xE49;</subfield>
    <subfield code="x">&#xE1B;&#xE23;&#xE30;&#xE27;&#xE31;&#xE15;&#xE34;&#xE28;&#xE32;&#xE2A;&#xE15;&#xE23;&#xE4C;</subfield>
  </datafield>
  <datafield tag="651" ind1=" " ind2="4">
    <subfield code="9">39468</subfield>
    <subfield code="a">&#xE44;&#xE15;&#xE49;&#xE2B;&#xE27;&#xE31;&#xE19;</subfield>
    <subfield code="x">&#xE1B;&#xE23;&#xE30;&#xE27;&#xE31;&#xE15;&#xE34;&#xE28;&#xE32;&#xE2A;&#xE15;&#xE23;&#xE4C; </subfield>
  </datafield>
  <datafield tag="700" ind1="1" ind2=" ">
    <subfield code="a">&#xE44;&#xE23;&#xE40;&#xE0A;&#xE32;&#xE40;&#xE2D;&#xE2D;&#xE23;&#xE4C;, &#xE40;&#xE2D;&#xE47;&#xE14;&#xE27;&#xE34;&#xE19; &#xE42;&#xE2D;.  </subfield>
    <subfield code="9">39466</subfield>
  </datafield>
  <datafield tag="700" ind1="1" ind2=" ">
    <subfield code="9">39467</subfield>
    <subfield code="a">&#xE40;&#xE04;&#xE23;&#xE01;, &#xE41;&#xE2D;&#xE25;&#xE40;&#xE1A;&#xE34;&#xE23;&#xE4C;&#xE15; &#xE40;&#xE2D;&#xE47;&#xE21;. </subfield>
  </datafield>
  <datafield tag="700" ind1="0" ind2=" ">
    <subfield code="a">&#xE40;&#xE1E;&#xE47;&#xE0A;&#xE23;&#xE35; &#xE2A;&#xE38;&#xE21;&#xE34;&#xE15;&#xE23;</subfield>
    <subfield code="9">15491</subfield>
  </datafield>
  <datafield tag="850" ind1=" " ind2=" ">
    <subfield code="a">NALT</subfield>
  </datafield>
  <datafield tag="856" ind1="4" ind2="0">
    <subfield code="u">https://hdl.handle.net/20.500.14156/401989</subfield>
  </datafield>
  <datafield tag="942" ind1=" " ind2=" ">
    <subfield code="c">GB</subfield>
    <subfield code="2">lcc</subfield>
  </datafield>
  <datafield tag="998" ind1=" " ind2=" ">
    <subfield code="c">phon</subfield>
    <subfield code="b">phon</subfield>
    <subfield code="j"></subfield>
    <subfield code="k">CRON CRON</subfield>
  </datafield>
  <datafield tag="999" ind1=" " ind2=" ">
    <subfield code="c">55814</subfield>
    <subfield code="d">55814</subfield>
  </datafield>
  <datafield tag="952" ind1=" " ind2=" ">
    <subfield code="0">0</subfield>
    <subfield code="1">0</subfield>
    <subfield code="2">lcc</subfield>
    <subfield code="4">0</subfield>
    <subfield code="7">0</subfield>
    <subfield code="8">CGBL</subfield>
    <subfield code="a">NALT</subfield>
    <subfield code="b">NALT</subfield>
    <subfield code="c">GEN</subfield>
    <subfield code="d">2021-11-24</subfield>
    <subfield code="e">&#xE08;&#xE31;&#xE14;&#xE0B;&#xE37;&#xE49;&#xE2D;&#xE17;&#xE23;&#xE31;&#xE1E;&#xE22;&#xE32;&#xE01;&#xE23;</subfield>
    <subfield code="o">DS 511 &#xE1F;861&#xE2D; 2550</subfield>
    <subfield code="p">3961173416</subfield>
    <subfield code="r">2017-06-09 00:00:00</subfield>
    <subfield code="t">&#xE25;.1 &#xE09;.2</subfield>
    <subfield code="w">2017-06-09</subfield>
    <subfield code="y">GB</subfield>
  </datafield>
  <datafield tag="952" ind1=" " ind2=" ">
    <subfield code="0">0</subfield>
    <subfield code="1">0</subfield>
    <subfield code="2">lcc</subfield>
    <subfield code="4">0</subfield>
    <subfield code="7">0</subfield>
    <subfield code="8">CGBL</subfield>
    <subfield code="a">NALT</subfield>
    <subfield code="b">NALT</subfield>
    <subfield code="c">GEN</subfield>
    <subfield code="d">2021-11-24</subfield>
    <subfield code="e">&#xE08;&#xE31;&#xE14;&#xE0B;&#xE37;&#xE49;&#xE2D;&#xE17;&#xE23;&#xE31;&#xE1E;&#xE22;&#xE32;&#xE01;&#xE23;</subfield>
    <subfield code="o">DS 511 &#xE1F;861&#xE2D; 2550</subfield>
    <subfield code="p">3961173415</subfield>
    <subfield code="r">2017-06-09 00:00:00</subfield>
    <subfield code="t">&#xE25;.1 &#xE09;.1</subfield>
    <subfield code="w">2017-06-09</subfield>
    <subfield code="y">GB</subfield>
  </datafield>
</record>
